00540nam a22001697a 450000500170000001000150001702000260003203500140005803700090007208200130008110000180009424500760011226000340018827001060022230000210032850000210034920241212154515.0 aENG-143027 a9789380752655c895.00 aEN-126559 bDBAD00a305.421 aNiranjan Pani10aWomen in india grass under stone/cby Niranjan Pani [and] Prativa Panda aNew Delhi bKunal Booksc2012 a4648/21, First Floor, Ansari Road, DaryaganjbNew Delhi e110002k011-23275069mkunalbooks@gmail.com a293p.c22cm.(Hb) aIt include index